000 02863nam a22003977a 4500
001 0205683013
003 DO-SdBPM
005 20251124101129.0
007 ta
008 161206b2002 sp a 00| 0 spa d
020 _a8449411432 (Obra completa)
020 _a8449411467 (v.3)
020 _a8449411459 (v. II)
040 _aDO-SdBPM
_bspa
_cBPMSU
_erda
_drda
082 4 _a808.83
_bC965 2002
_222
245 0 0 _aCuentos /
_ctextos Víctor M. Armenteros, Jaime Rovira; dirección, Carlos Gispert.
260 _b
_c
264 _aBarcelona, España :
_bOcéano Grupo Editorial,
_c2002
300 _a3 volumenes :
_bilustraciones ;
_c27 cm.
336 _atexto
_btxt
_2rdacontent
337 _asin mediación
_bn
_2rdamedia
338 _avolumen
_bn
_2rdacarrier
490 0 _aVer, oír y leer.
505 0 _gv. 1. Bíblia --
_tv.1. Bíblia --
505 0 _gv. 3. Cuentos --
_tv.3. Cuentos --
_tCaperucita roja --
_tEl patito feo --
_tEl gato con botas --
_tAladino y la Lámpara maravillosa --
_tEl príncipe feliz --
_tLa casita de chocolate --
_tBlancanieves y los siete enanitos --
_tLos viajes de Gulliver --
_tAlicia en el país de las maravillas --
_tLa princesa piel de asno --
_tPulgarcito y sus hermanos --
_tLas aventuras de Peter Pan --
_tLa cigarra y la hormiga --
_tCassette 2. La liebre y la tortuga --
_tLos tres creditos y el lobo feroz --
_tHistoria de la bella durmiente --
_tEl maravilloso vestido del emperador --
_tLa cenicienta --
_tBambi y sus amigos del Bosque --
_tRiquete, el del copete --
_tDumbo, el elefante que podía volar --
_tEl soldadito de plomo --
_tLos tres osos --
_tAlí Babá y los cuarenta ladrones --
_tLa gallina de los huevos de oro --
_tLa maravillosa historia de Pinocho --
_tAndrocles y el León.
505 0 _gv. 2. Fábulas.
_tv.2. Fábulas.
_tCassette 1
_tEl burro flautista --
_tEl pastor y las ovejas --
_tLa Asamblea de los ratones --
_tA margarita --
_tEl ciervo en la fuente --
_tLos cangrejos --
_tEl cultivo del Maíz --
_tEl león con su ejército --
_tAunque la mona se vista de seda --
_tPopol-vuh --
_tEl asno vestido con piel de León --
_tLa gata mujer --
_tLos músicos de Bremen --
_tCassette 2.
_t La lechera --
_tEl león y el ratón --
_tLos dos amigos y el oso --
_tBoca ancha --
_tEl flautista de Hamelin --
_tLa yerba mate --
_tEl ratón de campo y el de ciudad --
_tEl labrador y la providencia --
_tEl coyote y el zorrillo --
_tLa sirenita --
_tEl perro mirándose en el agua --
_tEl viento zonda --
_tLa mariposa y el caracol --
_tEl asno y el cochinillo.
590 _aInventariado, 2025/VM
650 7 _aCuentos
_vColecciones
650 7 _aLibros ilustrados para niños
700 1 _aGispert, Carlos,
_edirrector
700 1 _aArmenteros, Víctor M.
_etexto
700 1 _aRovira, Jaime
_etextos
910 _aLPEREZ / VMateo V. Control de calidad. BPMSU
942 _2ddc
_cBK
956 _aLOPEREZ
_b10
_c20161206
_hBPMSU
999 _c15542
_d15542